| 000 | 00984nam a2200289Ia 4500 | ||
|---|---|---|---|
| 001 | Para_8163 | ||
| 003 | CHAP | ||
| 008 | 220125s1908 xx 000 0 und d | ||
| 010 | _a207075 | ||
| 040 | _cCHAP | ||
| 082 | _aPA-C 595.752 A6 | ||
| 100 |
_aWashburn, F. L. _9121130 |
||
| 245 |
_aThe so-called green bug and other grain aphids in Minnesota in 1907 / _c by F.L. Washburn |
||
| 260 |
_aRamsey County, Minn : _b University of Minnesota. Agricultural Experiment Station |
||
| 300 | _a257-280 p. | ||
| 440 |
_aAphidae; 1 _9173529 |
||
| 500 | _aEncuadernado con otros impresos similares | ||
| 650 |
_a _x Afididos _x Colecciones de escritos _x Macrosiphum granaria _x Coccus viridis _x Toxoptera graminum _9173530 |
||
| 710 |
_aMinnesota. Agr. Exp. Sta. Bull.; 108 _9173531 |
||
| 901 | _aPA-C 595.752 A6 | ||
| 902 | _aA | ||
| 905 | _a0000001908 0000000000 00 | ||
| 910 | _a1908 | ||
| 942 | _cPARA | ||
| 942 |
_cPARA _d1 |
||
| 999 |
_c207075 _d207075 |
||